Music Quiz

Random Music or Artist Quiz

Name That '80s Music Video Quiz Stats

Quiz Updated Nov 8, 2017

Challenge
Share
Tweet
Score 0/25 Timer 06:00
13 Plays Today
Time Song % Correct
0:00 - 0:04The Final Countdown
87.2%
0:33 - 0:36Every Breath You Take
86.3%
0:37 - 0:40Sweet Child O' Mine
75.4%
0:11 - 0:15Karma Chameleon
69.4%
0:15 - 0:18Electric Avenue
68.7%
0:08 - 0:11Dude (Looks Like a Lady)
66.4%
0:26 - 0:29Here I Go Again
66.3%
0:53 - 0:55It's the End of the World as We Know It (and I Feel Fine)
62.9%
0:18 - 0:22Centerfold
62.7%
1:25 - 1:28I Wanna Dance with Somebody (Who Loves Me)
62.5%
1:07 - 1:11Let's Dance
60.9%
0:56 - 0:5999 Luftballons
52.6%
0:04 - 0:08Papa Don't Preach
51.4%
Time Song % Correct
1:03 - 1:06Bette Davis Eyes
51.3%
0:45 - 0:48She Blinded Me With Science
49.9%
1:18 - 1:21West End Girls
48.9%
1:29 - 1:32Who Can It Be Now?
47.5%
0:22 - 0:25New Sensation
38.9%
0:30 - 0:33Our Lips are Sealed
37.3%
1:22 - 1:25Relax
36.7%
1:15 - 1:17I Hate Myself for Loving You
34.4%
0:59 - 1:02When I Think of You
33.7%
0:49 - 0:52Any Way You Want It
32.4%
1:12 - 1:15Get Outta My Dreams, Get into My Car
28.5%
0:41 - 0:44Glamorous Life
21.2%

You're not logged in!

Compare scores with friends on all Sporcle quizzes.
Sign Up with Email
OR
Log In

You Might Also Like...

Show Comments

Extras

Top Quizzes Today


Score Distribution

Your Account Isn't Verified!

In order to create a playlist on Sporcle, you need to verify the email address you used during registration. Go to your Sporcle Settings to finish the process.